[Event "Uljanovsk op"]
[Site "Uljanovsk"]
[Date "2010.01.10"]
[Round "9"]
[White "Kolosov, Anatolij P"]
[Black "Makarenko, Vladimir"]
[Result "1-0"]
[WhiteElo "1976"]
[BlackElo "2150"]
[PlyCount "77"]
[EventDate "2010.01.04"]
[EventType "swiss"]
[EventRounds "9"]
[EventCountry "RUS"]
[SourceTitle "CBM 134 Extra"]
[Source "ChessBase"]
[SourceDate "2010.03.03"]
[SourceVersion "1"]
[SourceVersionDate "2010.03.03"]
[SourceQuality "1"]

1. d4 Nf6 2. c4 g6 3. Nc3 Bg7 4. Nf3 0-0 5. e4 d6 6. Be2 Nbd7 7. 0-0 c6 8. Re1 e5 9. dxe5 dxe5 10. Bg5 h6 11. Bh4 Qb6 12. Qc2 Nh5 13. Rad1 Nf4 14. Na4 Qc7 15. Be7 Re8 16. Bd6 Qd8 17. Bf1 b6 18. g3 Nh5 19. c5 b5 20. Nc3 Qf6 21. Bg2 Nf8 22. Qe2 a5 23. Nh4 Nf4 24. gxf4 Qxh4 25. f5 gxf5 26. exf5 Bxf5 27. Bxc6 Ng6 28. Bxa8 Nf4 29. Qf3 Nh3+ 30. Kg2 Re6 31. Ne4 Bxe4 32. Bxe4 Rf6 33. Be7 Qg5+ 34. Qg3 Rxf2+ 35. Kxh3 Qh5+ 36. Bh4 f5 37. Rd7 Qg4+ 38. Qxg4 fxg4+ 39. Kxg4 1-0

[Event "Uljanovsk op"]
[Site "Uljanovsk"]
[Date "2010.01.05"]
[Round "4"]
[White "Kolosov, Anatolij P"]
[Black "Triapkin, Pavel"]
[Result "1/2-1/2"]
[WhiteElo "1976"]
[BlackElo "2359"]
[PlyCount "100"]
[EventDate "2010.01.04"]
[EventType "swiss"]
[EventRounds "9"]
[EventCountry "RUS"]
[SourceTitle "CBM 134 Extra"]
[Source "ChessBase"]
[SourceDate "2010.03.03"]
[SourceVersion "1"]
[SourceVersionDate "2010.03.03"]
[SourceQuality "1"]

1. e4 d5 2. Nc3 d4 3. Nce2 e5 4. d3 Nc6 5. g3 h5 6. h4 Be7 7. Nf3 Nh6 8. Bg2 Ng4 9. 0-0 Be6 10. Ng5 Bxg5 11. Bxg5 f6 12. Bd2 g5 13. hxg5 fxg5 14. Qc1 Rg8 15. f3 Nh6 16. c3 Nf7 17. Rf2 Qe7 18. cxd4 exd4 19. f4 gxf4 20. Nxf4 Rxg3 21. Nxh5 Rg6 22. Nf4 Rg8 23. Qc2 0-0-0 24. Rc1 Kb8 25. b4 Rc8 26. a4 Nfe5 27. b5 Nd8 28. Nd5 Bxd5 29. exd5 Ndf7 30. Bf4 Qd6 31. Qb3 Rg4 32. Rc6 Qd7 33. Re6 Rcg8 34. Bxe5 Nxe5 35. Rxe5 Rxg2+ 36. Rxg2 Rxg2+ 37. Kxg2 Qg7+ 38. Kf1 Qxe5 39. a5 Kc8 40. Qc4 Kd7 41. a6 Qf6+ 42. Ke2 bxa6 43. bxa6 Qb6 44. Kf3 Kd6 45. Ke4 Kd7 46. Ke5 Qd6+ 47. Kxd4 Qf4+ 48. Kc5 Qf2+ 49. d4 Kd8 50. d6 Qf5+ 1/2-1/2